| 000 | 00810cam a2200241 a 4500 | ||
|---|---|---|---|
| 001 | 13417005 | ||
| 005 | 20180814070654.0 | ||
| 008 | 031126s2004 nyu b 001 0 eng | ||
| 010 | _a 2003068929 | ||
| 020 | _a1403965471 (hardcover) | ||
| 040 |
_aDLC _cDLC _dDLC |
||
| 041 | _aeng | ||
| 043 | _an-us--- | ||
| 080 | _a070.4 SEI | ||
| 082 | 0 | 0 |
_a070.4 SEI _222 |
| 100 | 1 | _a39 | |
| 101 | _aMED | ||
| 245 | 1 | 0 |
_aBeyond the front lines : _cby Philip Seib. |
| 504 | _aIncludes bibliographical references (p. [175]-178) and index. | ||
| 906 |
_a7 _bcbc _corignew _d1 _eocip _f20 _gy-gencatlg |
||
| 942 |
_2ddc _cBK |
||
| 999 |
_c47128 _d47128 |
||